00494 2200157 4500001002100000008004100021035002000062245008800082110002100170260005300191020001700244084001700261082001100278650003400289990001300323INLIS000000000000275 ind  a0010-0120000275 aBuku Pelajaran FiqihbMadrasah Tsanawiyah Jilid IC Kelas 1 Cawu 3cKementrian Agama aKementrian Agama aJakarta :bdepartemen Pendidikan Nasional,c1997 aNOISBN-00036 a297.14 BUK b a297.14 aFikih -- Studi dan Pengajaran a21900275